00650nam a2200217Ia 4500003000400000005001700004006001800021007000300039008004100042024001000083037001100093040001800104041001300122100001500135110007700150245007900227260000900306650001000315700003000325700007700355OSt20260417173112.0a|||||r|||| 00| 0ta220926b |||||||| |||| 00| 0 eng d a28581 cTheses aCRLcCRLbeng 2engaeng aJain Richa aUniversity of Delhi. Faculty of Music and Fine Arts. Department of Music 0aDepiction of music through the medium of paintings in the Indian tradition c2000 aMUSIC a Bisht Krishna Supervisor aUniversity of Delhi. Faculty of Music and Fine Arts. Department of Music